Т. 1; Маркировка радиодеталей отечественных и зарубежных

Bibliografiske detaljer
Parent link:Садченков, Дмитрий Андреевич. Маркировка радиодеталей отечественных и зарубежных: справочное пособие. Т. 1.— , 2002
Sprog:russisk
Udgivet: 2002
Fag:
Format: MixedMaterials Bog
KOHA link:https://koha.lib.tpu.ru/cgi-bin/koha/opac-detail.pl?biblionumber=39998

MARC

LEADER 00000nam2a2200000 4500
001 39998
005 20231031012004.0
010 |a 5934551418 
035 |a (RuTPU)RU\TPU\book\40904 
090 |a 39998 
100 |a 20020416d2002 km y0rusy50 ca 
101 0 |a rus 
102 |a RU 
105 |a a g 000zy 
200 0 |a Т. 1 
210 |d 2002 
215 |a 208 с.  |c ил. 
461 1 |0 (RuTPU)RU\TPU\book\41120  |t Маркировка радиодеталей отечественных и зарубежных  |o справочное пособие  |o в 2 т.  |v Т. 1  |d 2002  |s Ремонт  |a Садченков, Дмитрий Андреевич 
610 1 |a радиоэлектроника 
610 1 |a радиодетали 
610 1 |a маркировка 
610 1 |a резисторы 
610 1 |a конденсаторы 
610 1 |a катушки индуктивности 
610 1 |a кварцевые резонаторы 
610 1 |a полупроводниковые приборы 
610 1 |a радиокомпоненты 
610 1 |a электронные компоненты 
610 1 |a справочники 
675 |a 621.396.6.002(03)  |v 3 
801 1 |a RU  |b 63413507  |c 20020416  |g PSBO 
801 2 |a RU  |b 63413507  |c 20190129  |g PSBO 
942 |c BK